00520nam a2200181 a 450000100060000000300090000600800410001502000120005604000280006808200180009611000570011424500240017126000300019530000080022565000410023365000250027465000390029920340CO-ViMGA141112s2004 ck r 000 u spa d a9457614 aCO-ViMGAbspacCO-ViMGA04a658.404 A762m aAsociación Colombiana para el avance de la ciencia10aManual de Proyectos aBogotá : bACAC, c2003 a32P14aPRESENTACION DE PROYECTOS - MANUALES14aPROYECTOS - MANUALES14aPROYECTOS DE DESARROLLO - MANUALES